000
00251nam a22001217a 4500
999
_c
533565
_d
533565
040
_c
dlc
082
_a
915.491003
100
_a
Cosme
_9
27511
245
_a
The Pakistan Gazetteer Vol 01 - 07
250
_a
v-1-7
300
_a
330p
942
_2
ddc
_c
BK